<?xml version="1.0" encoding="UTF-8"?>
<collection xmlns="http://www.loc.gov/MARC21/slim">
 <record>
  <leader>01303cam a22002652 a4500</leader>
  <controlfield tag="001">097888206</controlfield>
  <controlfield tag="003">DE-627</controlfield>
  <controlfield tag="005">20240219073435.0</controlfield>
  <controlfield tag="007">tu</controlfield>
  <controlfield tag="008">061003nuuuuuuuuxx |||||      00| ||fre c</controlfield>
  <datafield tag="035" ind1=" " ind2=" ">
   <subfield code="a">(DE-627)097888206</subfield>
  </datafield>
  <datafield tag="035" ind1=" " ind2=" ">
   <subfield code="a">(DE-576)9097888204</subfield>
  </datafield>
  <datafield tag="035" ind1=" " ind2=" ">
   <subfield code="a">(DE-599)GBV097888206</subfield>
  </datafield>
  <datafield tag="040" ind1=" " ind2=" ">
   <subfield code="a">DE-627</subfield>
   <subfield code="b">ger</subfield>
   <subfield code="c">DE-627</subfield>
   <subfield code="e">rakwb</subfield>
  </datafield>
  <datafield tag="041" ind1=" " ind2=" ">
   <subfield code="a">fre</subfield>
  </datafield>
  <datafield tag="110" ind1="2" ind2=" ">
   <subfield code="a">Centre de Recherches Archéologiques du Vexin Français</subfield>
   <subfield code="4">aut</subfield>
  </datafield>
  <datafield tag="245" ind1="1" ind2="3">
   <subfield code="a">Le cimetière gallo-romain et mérovingien de Maule (Seine-et-Oise)</subfield>
   <subfield code="b">Hameau du &quot;Mousset&quot; lieu dit &quot;Pousse-Motte&quot;</subfield>
   <subfield code="c">Centre de Recherches Archéologiques du Vexin Français</subfield>
  </datafield>
  <datafield tag="336" ind1=" " ind2=" ">
   <subfield code="a">Text</subfield>
   <subfield code="b">txt</subfield>
   <subfield code="2">rdacontent</subfield>
  </datafield>
  <datafield tag="337" ind1=" " ind2=" ">
   <subfield code="a">ohne Hilfsmittel zu benutzen</subfield>
   <subfield code="b">n</subfield>
   <subfield code="2">rdamedia</subfield>
  </datafield>
  <datafield tag="338" ind1=" " ind2=" ">
   <subfield code="a">Band</subfield>
   <subfield code="b">nc</subfield>
   <subfield code="2">rdacarrier</subfield>
  </datafield>
  <datafield tag="787" ind1="0" ind2="8">
   <subfield code="i">Rezension</subfield>
   <subfield code="a">Stock, Klaus</subfield>
   <subfield code="t">[Rezension von: Le cimetière gallo-romain et mérovingien de Maule (Seine-et-Oise), Hameau du &quot;Mousset&quot; lieu dit &quot;Pousse-Motte&quot;]</subfield>
   <subfield code="d">1973</subfield>
   <subfield code="w">(DE-627)640812856</subfield>
  </datafield>
  <datafield tag="787" ind1="0" ind2="8">
   <subfield code="i">Rezensiert in</subfield>
   <subfield code="a">Stock, Klaus</subfield>
   <subfield code="t">[Rezension von: Ph. Simon, J. Sirat, Le cimetière gallo-romain et mérovingien de Maule (Yvelines), hameau du &quot;Mousset&quot;, lieu dit &quot;Pousse Motte&quot;]</subfield>
   <subfield code="d">München : Wilhelm Fink Verlag, 1973</subfield>
   <subfield code="w">(DE-627)1577633695</subfield>
   <subfield code="w">(DE-576)507633695</subfield>
  </datafield>
  <datafield tag="951" ind1=" " ind2=" ">
   <subfield code="a">MC</subfield>
  </datafield>
  <datafield tag="991" ind1=" " ind2=" ">
   <subfield code="a">Rezensiertes Werk</subfield>
  </datafield>
  <datafield tag="999" ind1=" " ind2=" ">
   <subfield code="a">KXP-PPN097888206</subfield>
   <subfield code="e">4487519829</subfield>
  </datafield>
 </record>
</collection>
